Compilers : Principles, Techniques & Tools (Record no. 9461)

MARC details
000 -LEADER
fixed length control field 00454nam a2200181Ia 4500
008 - FIXED-LENGTH DATA ELEMENTS--GENERAL INFORMATION
fixed length control field 221030s9999 xx 000 0 und d
020 ## - INTERNATIONAL STANDARD BOOK NUMBER
ISBN 8131721018
041 ## - LANGUAGE CODE
Language code of text/sound track or separate title
082 ## - DEWEY DECIMAL CLASSIFICATION NUMBER
Classification number 105.23
100 ## - MAIN ENTRY--AUTHOR NAME
Personal name A. V. Aho
245 #0 - TITLE STATEMENT
Title Compilers : Principles, Techniques & Tools
Statement of responsibility, etc by A. V. Aho, M. S. Lam
250 ## - EDITION STATEMENT
Edition statement 2nd
260 ## - PUBLICATION, DISTRIBUTION, ETC. (IMPRINT)
Name of publisher Pearson Education
Place of publication New Delhi
Year of publication 2011
300 ## - PHYSICAL DESCRIPTION
Number of Pages 1009
650 ## - SUBJECT ADDED ENTRY--TOPICAL TERM
Topical Term Computers
700 ## - ADDED ENTRY--PERSONAL NAME
Personal name M. S. Lam
942 ## - ADDED ENTRY ELEMENTS (KOHA)
Koha item type Books
Holdings
Accession Number Cost, normal purchase price Bill Date Full call number Source of acquisition Price effective from Koha item type Withdrawn / writtenoff status Materials specified (bound volume or other part) Damaged status Not for loan Permanent Location Current Location Shelving location Date acquired Lost/ Missing status department
M 1984 599.00 2591 105.23 RKB 10/30/2022 Books   Print     MIET Library, Jammu MIET Library, Jammu BL-Academic Block B, FL-2, CUP-26, SH-2, R-2 08/12/2011   MCA
M 1985 599.00 2591 105.23 RKB 10/30/2022 Books   Print     MIET Library, Jammu MIET Library, Jammu BL-Academic Block B, FL-1, CUP-146, SH-4, R-4 08/12/2011   MCA
M 1986 599.00 2591 105.23 RKB 10/30/2022 Books   Print     MIET Library, Jammu MIET Library, Jammu BL-Academic Block B, FL-2, CUP-146, SH-4, R-4 08/12/2011   MCA
M 1987 599.00 2591 105.23 RKB 10/30/2022 Books   Print     MIET Library, Jammu MIET Library, Jammu BL-Academic Block B, FL-2, CUP-146, SH-4, R-4 08/12/2011   MCA
M 1988 599.00 2591 105.23 RKB 10/30/2022 Books   Print     MIET Library, Jammu MIET Library, Jammu BL-Academic Block B, FL-2, CUP-146, SH-4, R-4 08/12/2011   MCA
BE 12980 625.00 3391   RKB 10/30/2022 Books   Print     MIET Library, Jammu MIET Library, Jammu BL-Academic Block C, FL-2, CUP-164, SH-1, R-1 02/12/2013   BE